Operative design : a catalogue of spatial verbs (Record no. 297964)
[ view plain ]
| 000 -LEADER | |
|---|---|
| fixed length control field | 00411nam a2200157 4500 |
| 005 - DATE AND TIME OF LATEST TRANSACTION | |
| control field | 20250306130316.0 |
| 008 - FIXED-LENGTH DATA ELEMENTS--GENERAL INFORMATION | |
| fixed length control field | 250306b |||||||| |||| 00| 0 eng d |
| 020 ## - INTERNATIONAL STANDARD BOOK NUMBER | |
| International Standard Book Number | 978906392896 |
| 082 ## - DEWEY DECIMAL CLASSIFICATION NUMBER | |
| Classification number | 720.1 DIM; |
| 100 ## - MAIN ENTRY--PERSONAL NAME | |
| Personal name | Di Mari, Anthony. Yoo, Nora. |
| 245 ## - TITLE STATEMENT | |
| Title | Operative design : a catalogue of spatial verbs |
| 260 ## - PUBLICATION, DISTRIBUTION, ETC. (IMPRINT) | |
| Place of publication, distribution, etc. | Netherland |
| Name of publisher, distributor, etc. | BIS publishers |
| Date of publication, distribution, etc. | 2012 |
| 300 ## - PHYSICAL DESCRIPTION | |
| Extent | 150 |
| 942 ## - ADDED ENTRY ELEMENTS (KOHA) | |
| Koha item type | Arch Books |
| 942 ## - ADDED ENTRY ELEMENTS (KOHA) | |
| Suppress in OPAC | 0 |
| Date last seen | Total Checkouts | Full call number | Accession number | Date checked out | Copy number | Cost, replacement price | Price effective from | Category | Lost status | Source of classification or shelving scheme | Damaged status | Withdrawn status | bill no. | bill date | Permanent Location | Current Location | Shelving location | Entry date | Vendor | Cost, normal purchase price | Grants | Currency symbol | Conversion rate | Discount | Discount type |
|---|---|---|---|---|---|---|---|---|---|---|---|---|---|---|---|---|---|---|---|---|---|---|---|---|---|
| 05/03/2026 | 1 | 720.1 DIM;1 R | AR1646 | 20/02/2026 | 1 | 973.06 | 06/03/2025 | Arch Books | Dewey Decimal Classification | KLBH/IN/1201/2024-25 | 26/02/2025 | Central Library | RFID Kiosk | Central Library | 06/03/2025 | KL Book House | 1394.07 | Design | ₹ | 1 | 30.20 | % |
